Oceanic Capitals Without First or Last Letters Quiz - Statistics

General Stats
  • This quiz has been taken 24 times
  • The average score is 12 of 14
Answer Stats
Oceanic Capitals Without First or Last Letters Full Oceanic Capitals (and Countries) % Correct
anberr Canberra (Australia)
100%
ellingto Wellington (New Zealand)
100%
pi Apia (Samoa)
95%
unafut Funafuti (Tuvalu)
95%
uku'alof Nuku'alofa (Tonga)
90%
uv Suva (Fiji)
90%
oniar Honiara (Solomon Islands)
85%
aliki Palikir (Federated States of Micronesia)
85%
or oresb Port Moresby (Papua New Guinea)
85%
ajur Majuro (Marshall Islands)
80%
araw Tarawa (Kiribati)
80%
gerulmu Ngerulmud (Palau)
75%
are Yaren (Nauru)
75%
or il Port Vila (Vanuatu)
70%
No matching quizzes found
Score Distribution
Percent of People with Each Score
Percentile by Number Answered
Your Score History
You have not taken this quiz